Normal view
MARC view
- Higiene escolar
Entry Materia
Number of records used in: 190
001 - NÚMERO DE CONTROL DEL REGISTRO
- campo de control: 15543
003 - IDENTIFICADOR DE NUMERO DE CONTROL
- campo de control: MX-MxUPN
005 - FECHA Y HORA DE LA ÚLTIMA TRANSACCIÓN
- campo de control: 20240702110235.0
008 - DATOS DE LONGITUD FIJA
- campo de control de longitud fija: 221024n| acnnnbabn | ana |d
035 ## - NÚMERO DE CONTROL DEL SISTEMA
- Número de control del sistema: UPN10000015551
040 ## - FUENTE DE LA CATALOGACIÓN
- Centro catalogador de origen: MX-MxUPN
- Lengua de catalogación: spa
- Agencia de transcripción: MX-MxUPN
046 ## - FECHAS CON CODIFICACIÓN ESPECIAL
- Fecha final para contenidos agregados: 2022
150 ## - ENCABEZAMIENTO - TEMÁTICO
- Término de materia o nombre geográfico como elemento inicial: Higiene escolar
670 ## - FUENTE EN LA QUE SE LOCALIZARON DATOS
- Cita de la fuente: E
680 ## - NOTA GENERAL CON DESPLIEGUE PÚBLICO
- Texto explicativo: Las obras que se limitan a una clase particular de escuelas o alguna institución se asientan bajo el encabezamiento específico con subdivisión de
- Encabezamiento: ASUNTOS SANITARIOS.
- Texto explicativo: Ej.:
- Encabezamiento: ESCUELAS RURALES - ASUNTOS SANITARIOS ; UNIVERSIDADES Y COLEGIOS - ASUNTOS SANITARIOS ; UNIVERSITY OF CALIFORNIA, BERKELEY, E.U.A. - ASUNTOS SANITARIOS
902 ## - CATALOGADOR
- Catalogador: BEC/100996
